00900nam a2200241Ia 4500003000900000008004100009020001800050040001600068080002300084245014500107260004800252300001600300490002700316650004100343650002500384650002300409650001700432700003100449700002800480942000700508999001500515952012800530IN-BaIIA211028s9999 xx 000 0 eng d a0-521-37018-3 cIIA Library a082.2:52bIAU-C115 0aHigh resolution x-ray spectroscopy of cosmic plasmascedited by P. Gorenstein and M. Zombeck  aCambridgebCambridge University Pressc1990 axiii, 392p. aIAU Colloquium; no.115 aAstronomy and Astrophysics Thesaurus aCosmic plasmas96289 aspectroscopy91535 aX-ray914967 aGorenstein, P., ed.916925 aZombeck, M., ed.916926 cBK c9971d9971 00104070aBANbBANcGENd0000-00-00g1239.00l0o082.2:52/ IAU-C115p10881r2021-11-05v1239.00w0000-00-00yBKGRs. 1239